| 000 | 00794nam a2200265 a 4500 | ||
|---|---|---|---|
| 999 |
_c200426991 _d44915 |
||
| 003 | TR-AnTOB | ||
| 005 | 20190322123607.0 | ||
| 007 | ta | ||
| 008 | 170718t1982 tu a b 000 0 tur | ||
| 040 |
_aITU _cTR-AnTOB _dTR-AnTOB |
||
| 041 | 0 | 0 | _atur |
| 050 | 0 | 0 |
_aQA276 _b.G87 1982 |
| 090 |
_aQA276 _b.G87 1982 |
||
| 100 | 1 | _aGürtan, Kenan. | |
| 245 | 1 | 0 |
_aİstatistik ve araştırma metotları : _biktisat ve iş idaresine tatbikatı / _cKenan Gürtan. |
| 250 | _aGöz. geç. ve genişl. yeni bs. | ||
| 264 |
_aİstanbul _bAlaş Basım ve İmalat Sanayi _c1982 |
||
| 300 |
_a831 pages ; _b24 cm |
||
| 336 |
_atext _2rdacontent |
||
| 337 |
_aunmediated _2rdamedia |
||
| 338 |
_avolume _2rdacarrier |
||
| 650 | 0 | _aMathematical statistics. | |
| 942 |
_2lcc _cBK |
||